KOHA-Header-6

اتاترک (Record no. 13596)

000 -LEADER
fixed length control field 00265nam a22001097a 4500
082 ## - DEWEY DECIMAL CLASSIFICATION NUMBER
Classification number 891.4393
100 ## - MAIN ENTRY--AUTHOR NAME
Personal name محمّد مرزا دہلوی
245 ## - TITLE STATEMENT
Title اتاترک
260 ## - PUBLICATION, DISTRIBUTION, ETC. (IMPRINT)
Place of publication لاہور
Name of publisher فکشن ہاؤس
Year of publication ٢٠٠٣
300 ## - PHYSICAL DESCRIPTION
Number of Pages ٢١٦ صفحات
942 ## - ADDED ENTRY ELEMENTS (KOHA)
Koha item type Books
Holdings
Withdrawn status Lost status Collection code Permanent Location Current Location Shelving location Date acquired Full call number Accession Number Koha item type
    Urdu Literature MAJU MAJU Shelf No.A12 2022-12-16 891.4393 10684 Books

Powered by Koha